| 000 | 00584cam a2200241ua 4500 | ||
|---|---|---|---|
| 020 | _c4.50 | ||
| 041 |
_amal _h |
||
| 082 |
_a636 _bMOO/MR |
||
| 100 | _aMoorthy, P R . | ||
| 245 |
_aMrugasamrakshanam / _cP R Moorthy. _hTextual Documents |
||
| 260 |
_aThiruvananthapuram : _bState Instititute of Languages , _c1970. |
||
| 300 | _a206 ; . | ||
| 365 | _a4.50 | ||
| 504 | _a | ||
| 942 | _cBK | ||
| 999 |
_c10430 _d10430 |
||